| 000 | 005540000a22001930004500 | ||
|---|---|---|---|
| 020 | _a84-7645-982-3 | ||
| 041 | 0 | _aSPA | |
| 082 | 0 | 4 | _aG 261.51 R784f |
| 100 | 1 | _aRopero, Alfonso | |
| 245 | 1 | 0 | _aFilosofía y cristianismo : Pensamiento integral e integrador / Alfonso Ropero |
| 260 | _aTerrassa, Barcelona, España : CLIE | ||
| 300 | _a445 Pag | ||
| 440 | 0 | _aColección Pensamiento Cristiano; No. 2 | |
| 001 | 8928 | ||
| 942 | _cBK | ||
| 999 |
_c39025 _d39025 |
||
| 336 |
_atexto _btxt _2rdacontent |
||
| 337 |
_2rdamedia _asin mediación _bn |
||
| 338 |
_2rdacarrier _avolumen _bnc |
||